000 00419nam a2200157 i 4500
001 bg
100 1 _aNISNOVSKIJ, A. I.
245 0 _aSilnovye ionnye i poluprovodnikovye pribory /
_cA.I. Nisnovskij, V.S. Rudenko, A.P. Platonov.
260 _aMoskva,
_c1975.
700 1 _aRUDENKO, V. S.
700 1 _aPLATONOV, A. P.
040 _cBPK
041 _apol
942 _cKS
008 s pl f |000 0 pol
999 _c16990
_d16990
856 _uhttp://koha.tu.koszalin.pl/cgi-bin/koha/opac-detail.pl?biblionumber=16990
_yKatalog online BPK